000 00650nam a2200229Ia 4500
003 OSt
005 20220925224540.0
006 a|||||r|||| 00| 0
007 ta
008 220923b |||||||| |||| 00| 0 eng d
037 _cGeneral Book
040 _aRTL
_cRTL
_beng
041 _2eng
_aeng
082 _aYxM64:g, M4
100 _aAndreski Stanislav
_950260
245 0 _aMax Weber's in eights and errors.
260 _aLondon
_bRoutledge and Kegan Paul
_c1984
300 _a155p
_ccm.
490 _aInternational Library of Sociology
942 _hYxM64:g, M4
_cGB
_2CC
999 _c581711
_d581711